|
|
|
|
| LEADER |
01414nam a2200361 a 4500 |
| 001 |
36894 |
| 003 |
BD-DhAAL |
| 005 |
20211129105451.0 |
| 008 |
200113r20181996nyua 001 0 eng d |
| 999 |
|
|
|c 42153
|d 42153
|
| 010 |
|
|
|a 95051449
|
| 020 |
|
|
|a 9788126528615
|
| 020 |
|
|
|a 0471119288 (cloth : alk. paper)
|
| 020 |
|
|
|a 047111927X (pbk. : alk. paper)
|
| 040 |
|
|
|a DLC
|c DLC
|d DLC
|d BD-DhAAL
|
| 050 |
0 |
0 |
|a HG4661
|b .F5 1996
|
| 082 |
0 |
0 |
|a 332.63223
|2 20
|
| 100 |
1 |
|
|a Fisher, Philip A.
|9 38916
|
| 245 |
1 |
0 |
|a Common stocks and uncommon profits and other writings by Philip A. Fisher /
|c Philip A. Fisher.
|
| 260 |
|
|
|a New York :
|b Wiley,
|c c1996.
|
| 300 |
|
|
|a xxiii, 292 pages :
|b illustrations ;
|c 23 cm.
|
| 440 |
|
0 |
|a Wiley investment classics
|9 38917
|
| 500 |
|
|
|a Includes index.
|
| 505 |
0 |
|
|a Common stocks and uncommon profits -- Conservative investors sleep well -- Developing an investment philosophy.
|
| 526 |
|
|
|a BBS
|
| 541 |
|
|
|a Book Finder International
|e 36894
|
| 650 |
|
0 |
|a Stocks.
|9 38918
|
| 650 |
|
0 |
|a Investments.
|9 38919
|
| 650 |
|
0 |
|a Finance.
|9 38920
|
| 650 |
|
0 |
|a Business & finance
|9 43322
|
| 852 |
|
|
|a Ayesha Abed Library
|c General Stacks
|
| 942 |
|
|
|2 ddc
|c BK
|
| 952 |
|
|
|0 0
|1 0
|2 ddc
|4 0
|6 332_632230000000000_PHI
|7 0
|9 67710
|a BRACUL
|b BRACUL
|c GEN
|d 2020-01-13
|e Book Finder International
|g 2145.70
|l 2
|m 31
|o 332.63223 PHI
|p 3010036894
|q 2026-05-21
|r 2026-05-10
|s 2026-05-10
|t 1
|v 2145.70
|w 2020-01-13
|y BK
|